国別ドメイン - Statistics

General Stats
  • This quiz has been taken 394 times
  • The average score is 47 of 251
Answer Stats
Hint Answer % Correct
jp 日本
76%
au オーストラリア
64%
uk イギリス
61%
af アフガニスタン
60%
fr フランス
57%
ca カナダ
56%
at オーストリア
54%
us アメリカ合衆国
53%
dk デンマーク
52%
fi フィンランド
52%
it イタリア
52%
in インド
50%
cn 中国
49%
br ブラジル
48%
kr 大韓民国
45%
nz ニュージーランド
45%
al アルバニア
43%
be ベルギー
42%
co コロンビア
42%
de ドイツ
42%
mx メキシコ
42%
ae アラブ首長国連邦
41%
ar アルゼンチン
41%
cz チェコ
41%
om オマーン
41%
ad アンドラ
40%
dm ドミニカ
39%
id インドネシア
39%
kz カザフスタン
39%
fj フィジー
38%
ke ケニア
38%
tr トルコ
38%
uz ウズベキスタン
38%
eg エジプト
37%
iq イラク
36%
ir イラン
36%
jo ヨルダン
36%
no ノルウェー
36%
zm ザンビア
36%
az アゼルバイジャン
35%
pl ポーランド
35%
jm ジャマイカ
34%
pk パキスタン
34%
qa カタール
34%
ug ウガンダ
34%
am アルメニア
33%
ch スイス
33%
ec エクアドル
33%
is アイスランド
33%
ro ルーマニア
33%
sa サウジアラビア
33%
cl チリ
32%
do ドミニカ共和国
32%
es スペイン
32%
pe ペルー
32%
ph フィリピン
32%
ru ロシア連邦
32%
va バチカン市国
32%
pa パナマ
31%
vn ベトナム
31%
ee エストニア
30%
ua ウクライナ
30%
gr ギリシャ
29%
hu ハンガリー
29%
uy ウルグアイ
29%
zw ジンバブエ
29%
lv ラトビア
28%
sg シンガポール
28%
th タイ
28%
bg ブルガリア
27%
pt ポルトガル
27%
ye イエメン
27%
lu ルクセンブルク
26%
tv ツバル
26%
la ラオス
25%
nl オランダ
25%
bo ボリビア
24%
cu キューバ
24%
il イスラエル
24%
kw クウェート
24%
lt リトアニア
24%
ng ナイジェリア
24%
bd バングラデシュ
23%
hk 香港
23%
kg キルギス
23%
np ネパール
23%
tz タンザニア
23%
ao アンゴラ
22%
eu ヨーロッパ連合
22%
za 南アフリカ共和国
22%
ac アセンション島
21%
er エリトリア
21%
ie アイルランド
21%
mn モンゴル
21%
ni ニカラグア
21%
rw ルワンダ
21%
tj タジキスタン
21%
tw 台湾
21%
ve ベネズエラ
21%
bw ボツワナ
20%
et エチオピア
20%
tm トルクメニスタン
20%
bt ブータン
19%
ga ガボン
19%
gh ガーナ
19%
se スウェーデン
19%
so ソマリア
19%
bh バーレーン
18%
mm ミャンマー
18%
sk スロバキア
18%
cm カメルーン
17%
cy キプロス
17%
li リヒテンシュタイン
17%
mc モナコ
17%
mk マケドニア
17%
ss 南スーダン
17%
aq 南極
16%
bn ブルネイ
16%
gt グアテマラ
16%
kp 朝鮮民主主義人民共和国
16%
my マレーシア
16%
pg パプアニューギニア
16%
py パラグアイ
16%
ly リビア
15%
mg マダガスカル
15%
mz モザンビーク
15%
gn ギニア
14%
ki キリバス
14%
ml マリ
14%
na ナミビア
14%
sd スーダン
14%
to トンガ
14%
bb バルバドス
13%
bf ブルキナファソ
13%
hn ホンジュラス
13%
lb レバノン
13%
md モルドバ
13%
mt マルタ
13%
nr ナウル
13%
sm サンマリノ
13%
sn セネガル
13%
tg トーゴ
13%
ba ボスニア・ヘルツェゴビナ
12%
cf 中央アフリカ共和国
12%
cg コンゴ
12%
ci コートジボアール
12%
cr コスタリカ
12%
gb イギリス
12%
hr クロアチア
12%
ht ハイチ
12%
ne ニジェール
12%
tt トリニダード・トバゴ
12%
ag アンティグァ・バーブーダ
11%
mr モーリタニア
11%
sy シリア
11%
ai アンギラ
10%
bz ベリーズ
10%
cv カーボベルデ
10%
gm ガンビア
10%
ls レソト
10%
ma モロッコ
10%
by ベラルーシ
9%
cd コンゴ民主共和国
9%
dj ジブチ
9%
gl グリーンランド
9%
gu グアム
9%
gy ガイアナ
9%
mw マラウイ
9%
pr プエルトリコ
9%
si スロベニア
9%
sr スリナム
9%
cx クリスマス島
8%
kh カンボジア
8%
lr リベリア
8%
me モンテネグロ
8%
mv モルディブ
8%
pw パラオ
8%
rs セルビア
8%
sl シエラレオネ
8%
tn チュニジア
8%
bj ベナン
7%
bm バーミューダ
7%
bs バハマ
7%
fm ミクロネシア
7%
mo マカオ
7%
nu ニウエ
7%
sz スワジランド
7%
vu バヌアツ
7%
ck クック諸島
6%
fk フォークランド諸島
6%
fo フェロー諸島
6%
gd グレナダ
6%
gw ギニアビサウ
6%
mu モーリシャス
6%
re レユニオン
6%
tl 東ティモール
6%
as アメリカンサモア
5%
bi ブルンジ
5%
cc ココス諸島
5%
dz アルジェリア
5%
gg ガ-ンジィ島
5%
gq 赤道ギニア
5%
lk スリランカ
5%
nc ニューカレドニア
5%
an オランダ領アンティル
4%
aw アルバ
4%
ge グルジア
4%
je ジャージー
4%
km コモロ
4%
mh マーシャル諸島
4%
ps パレスチナ
4%
sv エルサルバドル
4%
ax オーランド諸島
3%
bv ブーベ島
3%
cw キュラサオ島
3%
gi ジブラルタル
3%
gp グアドループ
3%
im マン島
3%
mq マルチニーク島
3%
nf ノーフォーク島
3%
sb ソロモン諸島
3%
st サントメ・プリンシペ
3%
td チャド
3%
tk トケラウ諸島
3%
vg 英領バージン諸島
3%
vi 米領バージン諸島
3%
ws サモア
3%
bl サン・バルテルミー
2%
gf フランス領ギアナ
2%
io 英領インド洋地域
2%
kn セントクリストファー・ネイビス
2%
lc セントルシア
2%
pf フランス領ポリネシア
2%
tc タークス諸島・カイコス諸島
2%
vc セントビンセントおよびグレナディーン諸島
2%
wf ワリス・フテュナ諸島
2%
gs サウスジョージア島・サウスサンドイッチ島
1%
hm ハード・マクドナルド諸島
1%
ky ケイマン諸島
1%
mf サン・マルタン島(フランス領)
1%
mp 北マリアナ諸島
1%
ms モントセラト
1%
pm サンピエール島・ミクロン島
1%
pn ピトケアン島
1%
sc セイシェル
1%
sh セントヘレナ島
1%
sx シント・マールテン島(オランダ領)
1%
um 米領太平洋諸島(ミッドウェー、ジョンストン、ウェーク島)
1%
yt マヨット島
1%
sj スバールバル諸島・ヤンマイエン島
0%
tf フランス領極南諸島
0%
No matching quizzes found
Score Distribution
Percent of People with Each Score
Percentile by Number Answered
Your Score History
You have not taken this quiz